Nghiên cứu đặc điểm thành thục và kích thích sinh sản cá trê Phú Quốc (Clarias gracilentus Ng, Hong & Tu, 2011) trong điều kiện nuôi : Báo cáo tổng kết đề tài Khoa học và Công nghệ cấp trường
Bài nghiên cứu nhằm xác định khả năng thành thục của cá Trê Phú Quốc và phương pháp kích thích sinh sản thích hợp trong điều kiện nuôi làm cơ sở khoa học cho việc chủ động sản suất giống nhân tạo.
Gespeichert in:
| 1. Verfasser: | |
|---|---|
| Format: | Buch |
| Sprache: | Undetermined |
| Veröffentlicht: |
Cần Thơ
Trường Đại học Cần Thơ
2014
|
| Schlagworte: | |
| Tags: |
Tag hinzufügen
Keine Tags, Fügen Sie den ersten Tag hinzu!
|
| Thư viện lưu trữ: | Trung tâm Học liệu Trường Đại học Cần Thơ |
|---|
| LEADER | 01265nam a2200217Ia 4500 | ||
|---|---|---|---|
| 001 | CTU_198316 | ||
| 008 | 210402s9999 xx 000 0 und d | ||
| 082 | |a 639.31 | ||
| 082 | |b L304 | ||
| 088 | |a T2013-70 | ||
| 100 | |a Phạm, Thanh Liêm | ||
| 245 | 0 | |a Nghiên cứu đặc điểm thành thục và kích thích sinh sản cá trê Phú Quốc (Clarias gracilentus Ng, Hong & Tu, 2011) trong điều kiện nuôi : | |
| 245 | 0 | |b Báo cáo tổng kết đề tài Khoa học và Công nghệ cấp trường | |
| 245 | 0 | |c Phạm Thanh Liêm (Chủ nhiệm đề tài) ; Bùi Minh Tâm, Nguyễn Hồng Quyết Thắng (Người tham gia) | |
| 260 | |a Cần Thơ | ||
| 260 | |b Trường Đại học Cần Thơ | ||
| 260 | |c 2014 | ||
| 520 | |a Bài nghiên cứu nhằm xác định khả năng thành thục của cá Trê Phú Quốc và phương pháp kích thích sinh sản thích hợp trong điều kiện nuôi làm cơ sở khoa học cho việc chủ động sản suất giống nhân tạo. | ||
| 650 | |a Freshwater fishes,Cá nước ngọt | ||
| 904 | |i Hiền,Hải | ||
| 980 | |a Trung tâm Học liệu Trường Đại học Cần Thơ | ||